00265nam a2200121Ia 4500008004100000100001600041245001800057260002600075300000800101650001000109942000700119999001700126190216s9999||||xx |||||||||||||| ||und|| aPushpa Nath 4aThe Criminals bPoorna Pubs Kozhikode a112 aNovel cBK c28454d28454